000 00365nam a2200145Ia 4500
003 GCL
008 140319s9999 xx 000 0 ara d
040 _aGCL /
_cGCL
082 0 4 _a910.02
_bم ث
100 1 _aمور، و. ج
245 1 0 _aثروة العالم /
_cمور، و. ج
700 1 _aاحمد صادق حمدى
300 _a372
490 _a100 قصة
_v0
999 _c43715
_d43715